HERBAL DRUG TECHNOLOGY (Record no. 216511)

MARC details
000 -LEADER
fixed length control field 00592nam a22001937a 4500
008 - FIXED-LENGTH DATA ELEMENTS--GENERAL INFORMATION
fixed length control field 260203b |||||||| |||| 00| 0 eng d
020 ## - INTERNATIONAL STANDARD BOOK NUMBER
International Standard Book Number 978-81-7371-787-1
050 ## - LIBRARY OF CONGRESS CALL NUMBER
Classification number RS 164 .A 347 2012
100 ## - MAIN ENTRY--PERSONAL NAME
Personal name AGRAWAL, S S
245 ## - TITLE STATEMENT
Title HERBAL DRUG TECHNOLOGY
250 ## - EDITION STATEMENT
Edition statement 2
260 ## - PUBLICATION, DISTRIBUTION, ETC.
Place of publication, distribution, etc. HIMAYATNAGAR,
Name of publisher, distributor, etc. UNIVERSITIES PRESS (INDIA) PRIVATE LIMITED
Date of publication, distribution, etc. 2012,
300 ## - PHYSICAL DESCRIPTION
Extent iX, 816 P, ILL
500 ## - GENERAL NOTE
General note INCLUDES BIBLIOGRAPHICAL REFERENCES AND INDEX
650 ## - SUBJECT ADDED ENTRY
Topical term or geographic name entry element PHARMACOLOGY- TEXTBOOKS, MEDICINE PLANTS- THERAPEUTICS
700 ## - ADDED ENTRY--PERSONAL NAME
Personal name PARIDHHAVI M
942 ## - ADDED ENTRY ELEMENTS (KOHA)
Source of classification or shelving scheme Library of Congress Classification
Koha item type Long Loan Book
Holdings
Withdrawn status Lost status Source of classification or shelving scheme Damaged status Not for loan Collection Home library Current library Shelving location Date acquired Inventory number Total checkouts Full call number Barcode Date last seen Copy number Price effective from Koha item type Date last checked out
    Library of Congress Classification     Medicine Kisii University Library Kisii University Library On Display 02/03/2026 111501   RS 164 .A 347 2012 50195 02/03/2026 1 02/03/2026 Long Loan Book  
    Library of Congress Classification     Medicine Kisii University Library Kisii University Library On Display 02/03/2026 111502   RS 164 .A 347 2012 50174 02/03/2026 2 02/03/2026 Long Loan Book  
    Library of Congress Classification     Medicine Kisii University Library Kisii University Library On Display 02/03/2026 111503   RS 164 .A 347 2012 50166 02/03/2026 3 02/03/2026 Long Loan Book  
    Library of Congress Classification     Medicine Kisii University Library Kisii University Library On Display 02/03/2026 111504   RS 164 .A 347 2012 50157 02/03/2026 4 02/03/2026 Long Loan Book  
    Library of Congress Classification     Medicine Kisii University Library Kisii University Library On Display 02/03/2026 111505 1 RS 164 .A 347 2012 50165 03/16/2026 5 02/03/2026 Long Loan Book 03/10/2026
    Library of Congress Classification     Medicine Kisii University Library Kisii University Library On Display 02/03/2026 111506   RS 164 .A 347 2012 50159 02/03/2026 6 02/03/2026 Long Loan Book  
    Library of Congress Classification     Medicine Kisii University Library Kisii University Library On Display 02/03/2026 111507 1 RS 164 .A 347 2012 50164 04/12/2026 7 02/03/2026 Long Loan Book 04/06/2026
    Library of Congress Classification     Medicine Kisii University Library Kisii University Library On Display 02/03/2026 111508   RS 164 .A 347 2012 50161 02/03/2026 8 02/03/2026 Long Loan Book